Genésis del siglo XX / (Record no. 41717)
[ view plain ]
| 000 -LEADER | |
|---|---|
| campo de control de longitud fija | 00872nam a2200229 i 4500 |
| 001 - NÚMERO DE CONTROL | |
| campo de control | 41717 |
| 003 - IDENTIFICADOR DE NÚMERO DE CONTROL | |
| campo de control | ES-MaACL |
| 005 - FECHA Y HORA DE LA ÚLTIMA TRANSACCIÓN | |
| campo de control | 20251015063054.0 |
| 007 - CAMPO FIJO DE DESCRIPCIÓN FÍSICA--INFORMACIÓN GENERAL | |
| campo de control de longitud fija | t| |
| 008 - DATOS DE LONGITUD FIJA--INFORMACIÓN GENERAL | |
| campo de control de longitud fija | 030311s1962 sp ||||1| spa d |
| 100 0# - ENTRADA PRINCIPAL--NOMBRE DE PERSONA | |
| Nombre de persona | Cassou, Jean, |
| Fechas asociadas al nombre | 1897-1986 |
| 9 (RLIN) | 36378 |
| 245 10 - MENCIÓN DEL TÍTULO | |
| Título | Genésis del siglo XX / |
| Mención de responsabilidad, etc. | Jean Cassou, Emile Langui, Nikolans Pevsner ; publicado bajo los auspicios del Consejo de Cooperación Cultural con motivo de la VI Exposición de Arte de Consejo de Europa. |
| 260 ## - PUBLICACIÓN, DISTRIBUCIÓN, ETC. | |
| Lugar de publicación, distribución, etc. | Barcelona : |
| Nombre del editor, distribuidor, etc. | Salvat, |
| Fecha de publicación, distribución, etc. | [1962] |
| 300 ## - DESCRIPCIÓN FÍSICA | |
| Extensión | 363 p., LII lám. : |
| Otras características físicas | 102 lám., il. ; |
| Dimensiones | 35 cm. |
| 650 00 - PUNTO DE ACCESO ADICIONAL DE MATERIA--TÉRMINO DE MATERIA | |
| Término de materia o nombre geográfico como elemento de entrada | Arte- |
| Subdivisión cronológica | S.XIX |
| 9 (RLIN) | 233576 |
| 650 #7 - PUNTO DE ACCESO ADICIONAL DE MATERIA--TÉRMINO DE MATERIA | |
| Término de materia o nombre geográfico como elemento de entrada | Arte- |
| Subdivisión cronológica | S.XX |
| Fuente del encabezamiento o término | |
| 9 (RLIN) | 141916 |
| 700 1# - ENTRADA AGREGADA--NOMBRE PERSONAL | |
| Nombre de persona | Langui, Emile. |
| 9 (RLIN) | 70076 |
| 700 1# - ENTRADA AGREGADA--NOMBRE PERSONAL | |
| Nombre de persona | Pevsner, Nikolaus. |
| 9 (RLIN) | 91583 |
| 710 2# - ENTRADA AGREGADA--NOMBRE DE ENTIDAD CORPORATIVA | |
| Nombre de entidad corporativa o nombre de jurisdicción como elemento de entrada | Consejo de Europa. |
| Unidad subordinada | Consejo de Cooperación Cultural. |
| 9 (RLIN) | 3187 |
| 852 ## - LOCALIZACIÓN | |
| Ubicación | ES-MaACL |
| Número de control de estantería | C-24263 |
| Estatus retirado | Estado de pérdida | Estado de daño | No para préstamo | Biblioteca de origen | Biblioteca actual | Ubicación en estantería | Fecha de adquisición | Fuente de adquisición | Total de préstamos | Signatura topográfica completa | Código de barras | Visto por última vez | Precio de reemplazo | Tipo de ítem Koha |
|---|---|---|---|---|---|---|---|---|---|---|---|---|---|---|
| Biblioteca del Ateneo de Madrid | Biblioteca del Ateneo de Madrid | Depósito 2 | 17/01/2008 | C-24263 | 1043917 | 23/02/2023 | 23/02/2023 | Libro impreso |
